书目信息 |
| 题名: |
形势与政策
|
|
| 作者: | 郑运廷 主编 | |
| 分册: | ||
| 出版信息: | 湘潭 湘潭大学出版社 2010.08 |
|
| 页数: | 168页 | |
| 开本: | 24cm | |
| 丛书名: | ||
| 单 册: | ||
| 中图分类: | G641.41 | |
| 科图分类: | ||
| 主题词: | 时事政策教育 , 时事政策教育--高等学校--教材 | |
| 电子资源: | ||
| ISBN: | 978-7-81128-227-6 | |
| 000 | 00778nam0 22002411 450 | |
| 001 | 005072600 | |
| 005 | 20110303100029.28 | |
| 010 | @a978-7-81128-227-6@dCNY18.00 | |
| 096 | @aG641@bzyt | |
| 100 | @a20101122d2010 em y0chiy50 ea | |
| 101 | 0 | @achi |
| 102 | @aCN@b430000 | |
| 105 | @ay z 000yy | |
| 200 | 1 | @a形势与政策@9xing shi yu zheng ce@f郑运廷主编 |
| 210 | @a湘潭@c湘潭大学出版社@d2010.08 | |
| 215 | @a168页@d24cm | |
| 330 | @a本书分为“时事篇”、“形势篇”、“政策篇”、“嘹望篇”四大板块,共十一讲。内容涵盖了2010年以来的国内外大事,也突出了国内外关注的热点焦点。 | |
| 606 | 0 | @a时事政策教育 |
| 606 | 0 | @a时事政策教育@x高等学校@j教材 |
| 690 | @aG641.41@v4 | |
| 701 | 0 | @a郑运廷@9zheng yun ting@4主编 |
| 801 | 0 | @c20110303 |
| 905 | @aZUCC@dG641.41@eZ455@f3 | |
| 形势与政策/郑运廷主编.-湘潭:湘潭大学出版社,2010.08 |
| 168页;24cm |
| ISBN 978-7-81128-227-6:CNY18.00 |
| 本书分为“时事篇”、“形势篇”、“政策篇”、“嘹望篇”四大板块,共十一讲。内容涵盖了2010年以来的国内外大事,也突出了国内外关注的热点焦点。 |
| ● |
| 相关链接 |
|
|
|
正题名:形势与政策
索取号:G641.41/Z455
 
预约/预借
| 序号 | 登录号 | 条形码 | 馆藏地/架位号 | 状态 | 备注 |
| 1 | 1194119 | 211941194 | 社科库409/409社科库 10排3列5层/ [索取号:G641.41/Z455] | 在馆 | |
| 2 | 1194120 | 211941201 | 社科库409/409社科库 10排3列5层/ [索取号:G641.41/Z455] | 在馆 | |
| 3 | 1194121 | 211941210 | 社科库409/409社科库 10排3列5层/ [索取号:G641.41/Z455] | 在馆 |